Fundamentals of geometric dimensioning and tolerancing : (Record no. 600709)

000 -LEADER
fixed length control field 00372nam a2200121Ia 4500
008 - FIXED-LENGTH DATA ELEMENTS--GENERAL INFORMATION
fixed length control field 230907s9999||||xx |||||||||||||| ||und||
082 ## - DEWEY DECIMAL CLASSIFICATION NUMBER
Classification number 604.243
Author Mark KRU
100 ## - MAIN ENTRY--PERSONAL NAME
Personal name Krulikowski, Alex.
9 (RLIN) 19111
245 #0 - TITLE STATEMENT
Title Fundamentals of geometric dimensioning and tolerancing :
260 ## - PUBLICATION, DISTRIBUTION, ETC.
Place of publication, distribution, etc. Delmar/Cengage Learning,
Name of publisher, distributor, etc. Clifton Park, N.Y. :
Date of publication, distribution, etc. 2012
300 ## - PHYSICAL DESCRIPTION
Extent xvi, 418 p. :
942 ## - ADDED ENTRY ELEMENTS (KOHA)
Koha item type Book
Holdings
Withdrawn status Lost status Damaged status Not for loan Permanent Location Current Location Date acquired Total Checkouts Full call number Barcode Date last seen Price effective from Koha item type
        US-Pakistan Center for Advanced Studies in Energy (USPCAS-E) US-Pakistan Center for Advanced Studies in Energy (USPCAS-E) 11/04/2019   604.243 KRU CAS-E0004808 09/12/2023 09/12/2023 Book
© 2023 Central Library, National University of Sciences and Technology. All Rights Reserved.